The making of Rubens / (Record no. 23900)

000 -LEADER
fixed length control field 01017cam a2200265 a 4500
001 - CONTROL NUMBER
control field 3015552
005 - DATE AND TIME OF LATEST TRANSACTION
control field 20170127114341.0
008 - FIXED-LENGTH DATA ELEMENTS--GENERAL INFORMATION
fixed length control field 940726s1995 ctua b 001 0 eng
010 ## - LIBRARY OF CONGRESS CONTROL NUMBER
LC control number 94030637
020 ## - INTERNATIONAL STANDARD BOOK NUMBER
International Standard Book Number 0300060106
040 ## - CATALOGING SOURCE
Original cataloging agency DLC
Transcribing agency DLC
Modifying agency DLC
050 00 - LIBRARY OF CONGRESS CALL NUMBER
Classification number ND673.R9
Item number A79 1995
100 1# - MAIN ENTRY--PERSONAL NAME
Personal name Alpers, Svetlana.
245 14 - TITLE STATEMENT
Title The making of Rubens /
Statement of responsibility, etc. Svetlana Alpers.
260 ## - PUBLICATION, DISTRIBUTION, ETC. (IMPRINT)
Place of publication, distribution, etc. New Haven :
Name of publisher, distributor, etc. Yale University Press,
Date of publication, distribution, etc. c1995.
300 ## - PHYSICAL DESCRIPTION
Extent viii, 178 p. :
Other physical details ill. (some col.) ;
Dimensions 22 cm.
504 ## - BIBLIOGRAPHY, ETC. NOTE
Bibliography, etc Includes bibliographical references (p. 158-174) and index.
600 10 - SUBJECT ADDED ENTRY--PERSONAL NAME
Personal name Rubens, Peter Paul,
Dates associated with a name 1577-1640
General subdivision Criticism and interpretation.
906 ## - LOCAL DATA ELEMENT F, LDF (RLIN)
a 7
b cbc
c orignew
d 1
e ocip
f 19
g y-gencatlg
942 ## - ADDED ENTRY ELEMENTS (KOHA)
Source of classification or shelving scheme
Koha item type Hard Covered Materials
Classification part ND 673 .R9A79 1995
Holdings
Withdrawn status Lost status Source of classification or shelving scheme Damaged status Not for loan Home library Current library Shelving location Date acquired Source of acquisition Total Checkouts Full call number Barcode Date last seen Price effective from Koha item type
          MACHAKOS UNIVERSITY LIBRARY MACHAKOS UNIVERSITY LIBRARY Technical section 27/01/2017 Donation (B.F.A)   ND 673 .R9A79 1995 32127 22/10/2018 27/01/2017 Hard Covered Materials
© Machakos University Library, Along The Highway, Machakos Wote Rd, Machakos, Kenya P.O. Box 136 - 90100 Machakos - Kenya

Tel: ( +254 ) 723 805829 OR Fax : 044-20353 OR Email: library@mksu.ac.ke